[Event "DVM U12 2020"]
[Site "Magdeburg GER"]
[Date "2021.08.06"]
[Round "4"]
[White "Detjen, Mattes"]
[Black "Werner, Florin"]
[Result "1/2-1/2"]
[Termination "normal"]
[Board "9.1"]
[WhiteElo "1162"]
[BlackElo "1533"]
[WhiteClock "00:43:20"]
[BlackClock "01:10:58"]
[WhiteTeam "SV Werder Bremen"]
[BlackTeam "VSG 1880 Offenbach"]
[PlyCount "100"]
[WhiteFideId "16235690"]
[BlackFideId "16250230"]
[EventCountry "GER"]
[EventRounds "7"]
[EventType "team-swiss"]
[EventDate "2021.08.04"]

1. e4 {[%clk 01:30:31]} e6 {[%clk 01:30:47]} {[%emt 00:00:32]} 2. d4 {[%clk
01:30:29]} {[%emt 00:00:21]} d5 {[%clk 01:30:56]} {[%emt 00:01:29]} 3. exd5
{[%clk 01:30:26]} exd5 {[%clk 01:31:14]} 4. Nf3 {[%clk 01:29:53]} {[%emt
00:00:38]} Bd6 {[%clk 01:31:19]} {[%emt 00:00:21]} 5. Bd3 {[%clk 01:28:25]}
{[%emt 00:02:08]} Nf6 {[%clk 01:31:05]} {[%emt 00:00:35]} 6. Qe2+ {[%clk
01:27:54]} {[%emt 00:01:06]} Qe7 {[%clk 01:31:24]} {[%emt 00:00:22]} 7. Qxe7+
{[%clk 01:28:08]} Bxe7 {[%clk 01:31:32]} {[%emt 00:02:05]} 8. Bf4 {[%clk
01:28:14]} c6 {[%clk 01:31:35]} 9. O-O {[%clk 01:27:59]} O-O {[%emt 00:02:39]}
10. Nbd2 {[%clk 01:26:38]} Be6 {[%clk 01:31:37]} 11. Ng5 {[%clk 01:24:56]}
{[%emt 00:03:25]} Bg4 {[%clk 01:31:51]} 12. Ngf3 {[%clk 01:24:30]} Nbd7 {[%clk
01:31:27]} {[%emt 00:20:29]} 13. Bg5 {[%clk 01:21:47]} Bd6 {[%clk 01:30:23]}
14. Rfe1 {[%clk 01:19:18]} Rfe8 {[%clk 01:30:04]} 15. c4 {[%clk 01:17:25]} dxc4
{[%clk 01:28:20]} 16. Bxc4 {[%clk 01:17:30]} h6 {[%clk 01:28:10]} 17. Bh4
{[%clk 01:15:31]} Nb6 {[%clk 01:26:00]} 18. Bb3 {[%clk 01:14:06]} {[%emt
00:02:26]} Nbd5 {[%clk 01:25:59]} 19. h3 {[%clk 01:11:00]} {[%emt 00:03:27]}
Bf5 {[%clk 01:26:04]} {[%emt 00:01:36]} 20. Nc4 {[%clk 01:08:46]} {[%emt
00:02:15]} Bb4 {[%clk 01:25:49]} 21. Rxe8+ {[%clk 01:08:31]} {[%emt 00:01:00]}
Rxe8 {[%clk 01:25:56]} {[%emt 00:00:09]} 22. Rd1 {[%clk 01:07:25]} {[%emt
00:12:50]} Ne4 {[%clk 01:18:55]} 23. Nce5 {[%clk 01:05:18]} f6 {[%clk
01:18:40]} 24. Nd3 {[%clk 01:03:26]} {[%emt 00:07:34]} Bd6 {[%clk 01:15:28]}
25. Bxd5+ {[%clk 00:58:24]} {[%emt 00:04:00]} cxd5 {[%clk 01:15:31]} {[%emt
00:00:07]} 26. Nc1 {[%clk 00:54:23]} {[%emt 00:05:33]} g5 {[%clk 01:15:01]} 27.
Bg3 {[%clk 00:54:04]} {[%emt 00:01:12]} Nxg3 {[%clk 01:15:26]} 28. fxg3 {[%emt
00:00:04]} Bxg3 {[%clk 01:15:48]} 29. Nb3 {[%clk 00:53:52]} {[%emt 00:01:10]}
b6 {[%clk 01:12:51]} {[%emt 00:03:12]} 30. Nbd2 {[%clk 00:51:40]} {[%emt
00:03:36]} Re2 {[%clk 01:12:56]} 31. Nf1 {[%clk 00:51:25]} {[%emt 00:00:47]}
Bf2+ {[%clk 01:13:09]} 32. Kh1 {[%clk 00:51:42]} Rxb2 {[%clk 01:13:33]} {[%emt
00:00:05]} 33. Ra1 {[%clk 00:49:14]} {[%emt 00:04:48]} Be4 {[%clk 01:12:11]}
34. N1d2 {[%clk 00:48:57]} {[%emt 00:00:48]} Bxd4 {[%clk 01:12:31]} {[%emt
00:00:54]} 35. Nxe4 {[%clk 00:48:59]} dxe4 {[%clk 01:12:53]} 36. Nxd4 {[%clk
00:49:17]} {[%emt 00:00:09]} e3 {[%clk 01:13:15]} {[%emt 00:00:32]} 37. Kg1
{[%clk 00:49:01]} {[%emt 00:01:26]} Kg7 {[%clk 01:13:19]} 38. Nf5+ {[%clk
00:48:50]} Kg6 {[%clk 01:13:42]} {[%emt 00:00:08]} 39. Nxe3 {[%clk 00:49:15]}
{[%emt 00:00:03]} f5 {[%clk 01:14:02]} {[%emt 00:02:37]} 40. g4 {[%clk
00:47:46]} f4 {[%clk 01:14:27]} 41. Nd1 {[%clk 00:48:08]} Rc2 {[%clk 01:14:37]}
{[%emt 00:00:10]} 42. a3 {[%clk 00:48:08]} {[%emt 00:00:57]} h5 {[%clk
01:14:38]} 43. Nf2 {[%clk 00:47:58]} {[%emt 00:00:35]} h4 {[%clk 01:14:21]}
{[%emt 00:02:21]} 44. Kg2 {[%clk 00:48:16]} Kf6 {[%clk 01:14:38]} 45. Rd1
{[%clk 00:48:15]} Ra2 {[%clk 01:14:34]} 46. Rd3 {[%clk 00:48:20]} {[%emt
00:00:27]} Ke5 {[%clk 01:14:54]} {[%emt 00:00:07]} 47. Kf3 {[%clk 00:48:39]}
{[%emt 00:00:53]} Ra1 {[%clk 01:14:51]} 48. Ne4 {[%clk 00:47:54]} {[%emt
00:04:54]} Rf1+ {[%clk 01:14:59]} 49. Nf2 {[%clk 00:46:34]} Re1 {[%clk
01:13:17]} {[%emt 00:00:35]} 50. Nd1 {[%clk 00:43:20]} {[%emt 00:03:43]} Rh1
{[%clk 01:10:58]} {[%emt 00:02:48]} 1/2-1/2

[Event "DVM U12 2020"]
[Site "Magdeburg GER"]
[Date "2021.08.06"]
[Round "4"]
[White "Laux, Filip"]
[Black "Völpel, Alexander"]
[Result "0-1"]
[Termination "normal"]
[Board "9.2"]
[WhiteElo "1204"]
[BlackElo "1008"]
[WhiteClock "00:23:56"]
[BlackClock "01:26:45"]
[WhiteTeam "VSG 1880 Offenbach"]
[BlackTeam "SV Werder Bremen"]
[PlyCount "124"]
[WhiteFideId "16275730"]
[BlackFideId "34603131"]
[EventCountry "GER"]
[EventRounds "7"]
[EventType "team-swiss"]
[EventDate "2021.08.04"]

1. e4 {[%clk 01:30:59]} {[%emt 00:00:11]} e5 {[%clk 01:30:53]} {[%emt
00:02:09]} 2. Nf3 {[%clk 01:31:20]} Nc6 {[%clk 01:31:16]} 3. Bc4 {[%clk
01:31:33]} Nf6 {[%clk 01:31:40]} 4. d3 {[%clk 01:31:40]} Bc5 {[%clk 01:32:00]}
{[%emt 00:06:28]} 5. c3 {[%clk 01:31:40]} a6 {[%clk 01:31:58]} 6. Nbd2 {[%clk
01:31:41]} Ba7 {[%clk 01:32:10]} 7. O-O {[%clk 01:31:15]} Na5 {[%clk 01:29:54]}
{[%emt 00:00:05]} 8. Nxe5 {[%clk 01:27:28]} {[%emt 00:03:09]} Nxc4 {[%clk
01:29:43]} 9. Nexc4 {[%clk 01:27:46]} {[%emt 00:00:14]} d6 {[%clk 01:30:06]}
10. Nf3 {[%clk 01:27:27]} {[%emt 00:01:04]} O-O {[%clk 01:30:17]} 11. Re1
{[%clk 01:22:33]} {[%emt 00:05:29]} Ng4 {[%clk 01:29:28]} {[%emt 00:01:29]} 12.
Be3 {[%clk 01:19:20]} {[%emt 00:11:28]} Nxe3 {[%clk 01:28:07]} 13. Nxe3 {[%clk
01:19:37]} Be6 {[%clk 01:23:31]} 14. Qd2 {[%clk 01:13:27]} {[%emt 00:05:47]} f5
{[%clk 01:19:14]} {[%emt 00:04:48]} 15. exf5 {[%clk 01:11:12]} {[%emt
00:03:21]} Bxf5 {[%clk 01:19:27]} 16. Nxf5 {[%clk 01:09:26]} {[%emt 00:02:05]}
Rxf5 {[%clk 01:19:32]} {[%emt 00:00:37]} 17. d4 {[%clk 01:09:31]} {[%emt
00:00:06]} h6 {[%clk 01:19:42]} {[%emt 00:03:43]} 18. Re2 {[%clk 01:07:10]} Rf8
{[%clk 01:19:38]} 19. Rae1 {[%emt 00:02:55]} c5 {[%clk 01:18:44]} 20. Qd3
{[%clk 01:00:31]} {[%emt 00:08:38]} Qf6 {[%clk 01:17:46]} 21. Re6 {[%clk
01:00:02]} Qf4 {[%clk 01:17:14]} {[%emt 00:06:39]} 22. R1e4 {[%clk 00:53:08]}
{[%emt 00:13:53]} Qc1+ {[%clk 01:14:54]} 23. Re1 {[%clk 00:44:32]} Qxb2 {[%clk
01:14:01]} {[%emt 00:01:36]} 24. Qc4 {[%clk 00:43:39]} {[%emt 00:00:53]} Kh8
{[%clk 01:13:22]} {[%emt 00:10:09]} 25. Re7 {[%clk 00:34:54]} {[%emt 00:05:58]}
b5 {[%clk 01:10:41]} 26. Qb3 {[%clk 00:30:00]} {[%emt 00:07:58]} Qxb3 {[%clk
01:08:37]} 27. axb3 {[%clk 00:30:25]} a5 {[%clk 01:03:15]} {[%emt 00:31:33]}
28. Rb7 {[%clk 00:23:57]} Rfb8 {[%clk 01:01:31]} 29. Rd7 {[%clk 00:20:26]} Rb6
{[%clk 01:01:27]} 30. Ree7 {[%clk 00:17:56]} Ra6 {[%clk 00:59:04]} 31. Re2
{[%clk 00:13:43]} a4 {[%clk 00:58:56]} {[%emt 00:00:03]} 32. bxa4 {[%clk
00:11:37]} bxa4 {[%clk 00:59:01]} {[%emt 00:07:58]} 33. Rb7 {[%clk 00:10:36]}
Rb8 {[%clk 00:59:17]} 34. Rbb2 {[%clk 00:10:38]} Rb3 {[%clk 00:58:43]} 35. Rec2
{[%clk 00:07:48]} c4 {[%clk 00:58:20]} 36. Nd2 {[%clk 00:06:45]} {[%emt
00:01:11]} Rxb2 {[%emt 00:02:08]} 37. Rxb2 d5 {[%clk 00:58:13]} 38. Ra2 {[%clk
00:04:25]} {[%emt 00:03:43]} Bb8 {[%clk 00:56:44]} 39. Kf1 {[%clk 00:04:38]}
Bd6 {[%clk 00:56:30]} {[%emt 00:00:54]} 40. g3 {[%clk 00:04:45]} a3 {[%clk
00:56:45]} {[%emt 00:00:21]} 41. Nb1 {[%clk 00:03:47]} {[%emt 00:02:02]} Kg8
{[%clk 00:56:31]} 42. Ke1 {[%clk 00:03:58]} {[%emt 00:00:15]} Kf8 {[%clk
00:56:44]} {[%emt 00:05:33]} 43. Kd1 {[%clk 00:02:52]} Ke7 {[%clk 00:57:06]}
44. Kc2 {[%clk 00:02:28]} Kd7 {[%clk 00:57:28]} 45. Kd1 {[%clk 00:29:33]}
{[%emt 00:01:45]} Kc6 {[%clk 01:27:50]} 46. Kc2 {[%clk 00:29:58]} Kb5 {[%clk
01:28:08]} {[%emt 00:00:21]} 47. Kd1 {[%clk 00:30:11]} Ka4 {[%clk 01:28:27]}
48. Kc2 {[%clk 00:30:33]} {[%emt 00:01:48]} Ra7 {[%clk 01:28:33]} 49. Nd2
{[%clk 00:29:41]} Rb7 {[%clk 01:28:45]} {[%emt 00:02:23]} 50. Nb1 {[%clk
00:26:49]} {[%emt 00:01:17]} Re7 {[%clk 01:28:41]} {[%emt 00:07:44]} 51. Nxa3
{[%clk 00:22:52]} Re2+ {[%clk 01:26:43]} 52. Kb1 {[%clk 00:23:02]} {[%emt
00:00:12]} Rxa2 {[%emt 00:00:04]} 53. Kxa2 {[%emt 00:00:06]} Bxa3 {[%clk
01:26:36]} {[%emt 00:00:38]} 54. f4 {[%clk 00:23:27]} {[%emt 00:00:27]} Be7
{[%clk 01:26:25]} 55. Kb2 {[%clk 00:23:14]} {[%emt 00:00:44]} Kb5 {[%clk
01:26:38]} {[%emt 00:00:20]} 56. Kc2 {[%clk 00:23:39]} {[%emt 00:00:04]} Kc6
{[%clk 01:26:49]} {[%emt 00:00:14]} 57. Kd2 {[%clk 00:24:05]} {[%emt 00:02:07]}
Kd7 {[%clk 01:27:12]} 58. g4 {[%clk 00:23:56]} g6 {[%clk 01:26:45]} 59. h3 Bh4
{[%clk 01:26:45]} 60. f5 Bg5+ {[%clk 01:26:45]} 61. Ke2 gxf5 {[%clk 01:26:45]}
62. gxf5 Ke7 {[%clk 01:26:45]} 0-1

[Event "DVM U12 2020"]
[Site "Magdeburg GER"]
[Date "2021.08.06"]
[Round "4"]
[White "Marrufo, Emilia"]
[Black "von Knorre, Christoph"]
[Result "1-0"]
[Termination "normal"]
[Board "9.3"]
[WhiteElo "898"]
[BlackElo "1101"]
[WhiteClock "00:56:49"]
[BlackClock "00:42:30"]
[WhiteTeam "SV Werder Bremen"]
[BlackTeam "VSG 1880 Offenbach"]
[PlyCount "49"]
[WhiteFideId "16287363"]
[BlackFideId "34608109"]
[EventCountry "GER"]
[EventRounds "7"]
[EventType "team-swiss"]
[EventDate "2021.08.04"]

1. d4 {[%clk 01:30:57]} d5 {[%clk 01:30:53]} 2. Bf4 {[%clk 01:31:21]} Nf6
{[%clk 01:31:14]} {[%emt 00:00:05]} 3. e3 {[%clk 01:30:04]} {[%emt 00:03:01]}
e6 {[%clk 01:31:28]} 4. c3 {[%clk 01:28:49]} {[%emt 00:02:40]} c5 {[%clk
01:31:19]} 5. Nf3 {[%clk 01:27:28]} {[%emt 00:00:24]} Bd6 {[%clk 01:31:36]}
{[%emt 00:00:08]} 6. Bxd6 {[%clk 01:25:53]} {[%emt 00:03:03]} Qxd6 {[%clk
01:31:55]} 7. Bd3 {[%clk 01:24:49]} {[%emt 00:01:08]} Nbd7 {[%clk 01:31:34]}
{[%emt 00:00:51]} 8. O-O {[%clk 01:23:45]} {[%emt 00:02:14]} O-O {[%clk
01:31:49]} 9. Nbd2 {[%clk 01:22:39]} {[%emt 00:01:02]} e5 {[%clk 01:31:38]}
{[%emt 00:07:36]} 10. dxe5 {[%clk 01:15:37]} {[%emt 00:00:28]} Nxe5 {[%clk
01:31:28]} {[%emt 00:00:47]} 11. Nxe5 {[%clk 01:15:18]} {[%emt 00:00:38]} Qxe5
{[%clk 01:31:21]} {[%emt 00:12:27]} 12. Nf3 {[%clk 01:13:46]} Qe7 {[%clk
01:30:46]} 13. Re1 {[%clk 01:11:15]} Qd6 {[%clk 01:19:39]} {[%emt 00:10:11]}
14. Bc2 {[%clk 01:09:09]} Bd7 {[%clk 01:16:53]} {[%emt 00:19:17]} 15. e4 {[%clk
01:05:30]} Rfe8 {[%clk 01:16:08]} 16. e5 {[%clk 01:03:51]} Qb6 {[%clk
01:01:40]} {[%emt 00:04:53]} 17. exf6 {[%clk 01:02:51]} {[%emt 00:01:28]} Qxf6
{[%clk 00:57:55]} {[%emt 00:05:24]} 18. Qxd5 {[%clk 01:01:50]} {[%emt
00:04:31]} b6 {[%clk 00:57:34]} 19. Qxd7 {[%clk 01:01:19]} Qd8 {[%clk
00:56:00]} 20. Qh3 {[%clk 00:59:36]} {[%emt 00:02:02]} g6 {[%clk 00:55:10]}
{[%emt 00:02:24]} 21. Rxe8+ {[%clk 00:59:07]} Qxe8 {[%clk 00:55:19]} {[%emt
00:00:13]} 22. Re1 {[%clk 00:58:42]} {[%emt 00:00:54]} Qb5 {[%clk 00:50:16]}
{[%emt 00:10:09]} 23. Ng5 {[%clk 00:56:43]} Re8 {[%clk 00:46:10]} {[%emt
00:08:24]} 24. Qxh7+ {[%clk 00:56:36]} Kf8 {[%clk 00:42:30]} 25. Qh8# {[%clk
00:56:49]} 1-0

[Event "DVM U12 2020"]
[Site "Magdeburg GER"]
[Date "2021.08.06"]
[Round "4"]
[White "Staat, Christian"]
[Black "Plath, Erik"]
[Result "1/2-1/2"]
[Termination "normal"]
[Board "9.4"]
[WhiteElo "1022"]
[BlackElo "864"]
[WhiteClock "00:58:32"]
[BlackClock "01:26:55"]
[WhiteTeam "VSG 1880 Offenbach"]
[BlackTeam "SV Werder Bremen"]
[PlyCount "66"]
[WhiteFideId "34608141"]
[BlackFideId "34608206"]
[EventCountry "GER"]
[EventRounds "7"]
[EventType "team-swiss"]
[EventDate "2021.08.04"]

1. e4 {[%clk 01:30:59]} {[%emt 00:01:39]} e5 {[%clk 01:30:55]} 2. Nf3 {[%clk
01:31:26]} Nf6 {[%clk 01:31:17]} 3. Nxe5 {[%clk 01:31:51]} Nc6 {[%clk
01:31:38]} 4. Nf3 {[%clk 01:32:18]} Bc5 {[%clk 01:31:52]} 5. Nc3 {[%clk
01:31:50]} d6 {[%clk 01:31:51]} 6. h3 {[%clk 01:31:39]} Be6 {[%clk 01:31:51]}
7. Be2 {[%clk 01:31:15]} O-O {[%clk 01:31:44]} 8. d3 {[%clk 01:30:21]} Nd4
{[%clk 01:31:28]} 9. Bd2 {[%clk 01:29:45]} h6 {[%clk 01:31:15]} 10. Be3 {[%clk
01:28:55]} {[%emt 00:11:31]} Nxf3+ {[%clk 01:30:47]} 11. Bxf3 {[%clk 01:29:21]}
Bb4 {[%clk 01:30:58]} 12. Qd2 {[%clk 01:29:24]} d5 {[%clk 01:31:01]} 13. exd5
{[%clk 01:29:25]} Nxd5 {[%clk 01:31:04]} 14. O-O {[%clk 01:29:31]} Qd6 {[%clk
01:30:47]} 15. a3 {[%clk 01:29:43]} Ba5 {[%clk 01:31:06]} 16. b4 {[%clk
01:28:53]} Nxe3 {[%clk 01:31:02]} 17. Qxe3 {[%clk 01:29:16]} Bb6 {[%clk
01:31:18]} 18. Qd2 {[%clk 01:28:31]} c6 {[%clk 01:31:18]} 19. Ne4 {[%clk
01:27:30]} Qe5 {[%clk 01:31:10]} {[%emt 00:01:45]} 20. Rfe1 {[%clk 01:25:14]}
{[%emt 00:01:16]} Bc7 {[%clk 01:30:40]} {[%emt 00:01:36]} 21. Ng3 {[%clk
01:23:31]} {[%emt 00:02:58]} Qf4 {[%clk 01:30:24]} 22. Qd1 {[%clk 01:20:40]}
{[%emt 00:02:46]} Be5 {[%clk 01:30:17]} {[%emt 00:02:14]} 23. Re4 {[%clk
01:20:33]} Qf6 {[%clk 01:30:29]} 24. Nh5 {[%clk 01:18:04]} {[%emt 00:02:53]}
Qf5 {[%clk 01:30:24]} 25. d4 {[%clk 01:17:20]} {[%emt 00:01:16]} Bd6 {[%clk
01:29:46]} {[%emt 00:01:09]} 26. Re1 {[%clk 01:13:09]} {[%emt 00:12:38]} Bd5
{[%clk 01:28:37]} 27. Bg4 {[%clk 01:07:20]} Qg6 {[%clk 01:27:31]} {[%emt
00:01:36]} 28. Rc1 {[%clk 01:06:50]} {[%emt 00:01:02]} Rfe8 {[%clk 01:27:13]}
{[%emt 00:00:44]} 29. c4 {[%clk 01:06:33]} {[%emt 00:00:49]} Be6 {[%clk
01:27:43]} {[%emt 00:00:50]} 30. Bxe6 {[%clk 01:04:34]} {[%emt 00:06:22]} Rxe6
{[%clk 01:27:47]} 31. Rxe6 {[%clk 01:01:45]} Qxe6 {[%clk 01:27:01]} {[%emt
00:04:26]} 32. c5 {[%clk 01:00:16]} Bc7 {[%clk 01:26:46]} 33. Qd2 {[%clk
00:58:32]} {[%emt 00:04:45]} Re8 {[%clk 01:26:55]} 1/2-1/2

[Event "DVM U12 2020"]
[Site "Magdeburg GER"]
[Date "2021.08.07"]
[Round "5"]
[White "Krüger, Arthur"]
[Black "Kempe, Caius Emilian"]
[Result "0-1"]
[Termination "normal"]
[Board "1.1"]
[WhiteElo "1643"]
[BlackElo "2013"]
[WhiteClock "00:29:38"]
[BlackClock "00:42:10"]
[WhiteTeam "Hamburger SK von 1830 eV"]
[BlackTeam "USV TU Dresden"]
[PlyCount "104"]
[WhiteFideId "16244966"]
[BlackFideId "16246861"]
[EventCountry "GER"]
[EventRounds "7"]
[EventType "team-swiss"]
[EventDate "2021.08.04"]

1. d4 {[%clk 01:30:54]} d5 {[%clk 01:30:53]} {[%emt 00:32:24]} 2. Nf3 {[%clk
01:31:19]} Nf6 {[%clk 01:31:06]} 3. Bf4 {[%clk 01:31:38]} c5 {[%clk 01:31:15]}
4. e3 {[%clk 01:32:01]} Nc6 {[%clk 01:31:29]} 5. Nbd2 {[%clk 01:32:20]} cxd4
{[%clk 01:31:18]} 6. exd4 {[%clk 01:32:30]} Bg4 {[%clk 01:31:31]} 7. c3 {[%clk
01:31:14]} e6 {[%clk 01:31:21]} 8. Qb3 {[%clk 01:26:35]} Qb6 {[%clk 01:27:27]}
9. Qxb6 {[%clk 01:25:38]} axb6 {[%clk 01:27:56]} 10. Bb5 {[%clk 01:19:46]} Nd7
{[%clk 01:27:45]} 11. O-O {[%clk 01:14:38]} Be7 {[%clk 01:25:36]} 12. a4 {[%clk
01:04:26]} h5 {[%clk 01:19:46]} 13. Rfe1 {[%clk 00:56:01]} Rc8 {[%clk
01:16:54]} 14. Nb3 {[%clk 00:47:57]} {[%emt 00:00:24]} Bxf3 {[%clk 01:15:50]}
15. gxf3 {[%clk 00:48:19]} g5 {[%clk 01:15:17]} 16. Bd2 {[%clk 00:47:15]} Rg8
{[%clk 01:07:02]} {[%emt 00:05:00]} 17. h3 {[%clk 00:42:47]} {[%emt 00:05:11]}
Bd8 {[%clk 01:04:52]} {[%emt 00:02:19]} 18. Kf1 {[%clk 00:41:09]} {[%emt
00:02:16]} Bc7 {[%clk 01:05:01]} {[%emt 00:00:11]} 19. c4 {[%clk 00:31:36]}
{[%emt 00:10:04]} dxc4 {[%clk 01:00:59]} {[%emt 00:06:45]} 20. Bxc4 {[%clk
00:31:50]} Na5 {[%clk 01:00:32]} 21. Nxa5 {[%clk 00:29:38]} {[%emt 00:01:44]}
bxa5 {[%clk 01:00:50]} {[%emt 00:00:18]} 22. d5 {[%clk 00:27:52]} {[%emt
00:02:07]} e5 {[%clk 00:52:19]} {[%emt 00:09:02]} 23. Bc3 {[%clk 00:25:48]}
{[%emt 00:02:33]} Bb6 {[%clk 00:48:42]} {[%emt 00:04:07]} 24. Bd3 {[%clk
00:23:15]} {[%emt 00:03:02]} f6 {[%clk 00:47:52]} {[%emt 00:01:33]} 25. Bf5
{[%clk 00:22:27]} {[%emt 00:01:21]} Rd8 {[%clk 00:45:26]} {[%emt 00:02:46]} 26.
b4 {[%clk 00:19:38]} {[%emt 00:03:13]} axb4 {[%clk 00:44:47]} {[%emt 00:01:08]}
27. Bxb4 {[%clk 00:20:00]} {[%emt 00:00:29]} Nc5 {[%clk 00:44:36]} {[%emt
00:00:20]} 28. a5 {[%clk 00:18:05]} {[%emt 00:02:25]} Ba7 {[%clk 00:45:00]}
{[%emt 00:00:14]} 29. Red1 {[%clk 00:15:20]} {[%emt 00:03:08]} Nb3 {[%clk
00:42:54]} {[%emt 00:02:36]} 30. Rab1 {[%clk 00:09:36]} {[%emt 00:06:46]} Nd4
{[%clk 00:43:00]} 31. Rxd4 {[%clk 00:06:47]} {[%emt 00:03:28]} Bxd4 {[%clk
00:25:22]} {[%emt 00:17:52]} 32. Rc1 {[%clk 00:04:31]} {[%emt 00:03:02]} Rg7
{[%clk 00:24:59]} {[%emt 00:00:36]} 33. d6 {[%clk 00:03:35]} {[%emt 00:03:58]}
h4 {[%clk 00:22:36]} {[%emt 00:00:34]} 34. Rc7 {[%clk 00:03:04]} {[%emt
00:00:49]} Rgd7 {[%clk 00:22:57]} {[%emt 00:00:17]} 35. Bxd7+ {[%clk 00:01:36]}
{[%emt 00:01:51]} Rxd7 {[%clk 00:23:25]} {[%emt 00:00:07]} 36. Rxd7 {[%clk
00:01:19]} {[%emt 00:00:59]} Kxd7 {[%clk 00:16:33]} {[%emt 00:07:03]} 37. Kg2
{[%clk 00:01:25]} {[%emt 00:00:24]} Ba7 {[%clk 00:16:26]} {[%emt 00:00:39]} 38.
Kf1 {[%clk 00:01:01]} {[%emt 00:00:53]} Bb8 {[%clk 00:16:50]} {[%emt 00:00:08]}
39. Ke2 {[%clk 00:01:08]} {[%emt 00:00:48]} Bxd6 {[%clk 00:17:08]} 40. Be1
{[%clk 00:01:13]} {[%emt 00:00:10]} Kc6 {[%clk 00:17:08]} {[%emt 00:00:28]} 41.
Kd3 {[%clk 00:00:49]} {[%emt 00:01:39]} Kb5 {[%clk 00:16:54]} 42. Bd2 {[%clk
00:27:23]} {[%emt 00:03:56]} Bb4 {[%clk 00:46:53]} {[%emt 00:00:31]} 43. Bc1
{[%clk 00:27:20]} {[%emt 00:00:36]} Bxa5 {[%clk 00:47:13]} {[%emt 00:00:10]}
44. Ke4 {[%clk 00:27:41]} {[%emt 00:00:09]} Kc4 {[%clk 00:40:03]} {[%emt
00:07:45]} 45. Kf5 {[%clk 00:27:53]} {[%emt 00:00:09]} Bd8 {[%clk 00:40:25]}
{[%emt 00:00:14]} 46. Ke6 {[%clk 00:28:07]} {[%emt 00:02:20]} b5 {[%clk
00:40:40]} 47. Ba3 {[%clk 00:27:40]} b4 {[%clk 00:40:58]} 48. Bxb4 {[%clk
00:28:03]} Kxb4 {[%clk 00:41:23]} 49. Kd7 {[%clk 00:28:29]} Bb6 {[%clk
00:41:41]} 50. Ke6 {[%clk 00:28:53]} Bxf2 {[%clk 00:41:30]} {[%emt 00:00:30]}
51. Kxf6 {[%clk 00:29:14]} {[%emt 00:00:42]} Bg3 {[%clk 00:41:52]} 52. Kxg5
{[%clk 00:29:38]} Kc4 {[%clk 00:42:10]} 0-1

[Event "DVM U12 2020"]
[Site "Magdeburg GER"]
[Date "2021.08.07"]
[Round "5"]
[White "Fruth, David"]
[Black "Wartenberg, Alissa"]
[Result "1-0"]
[Termination "normal"]
[Board "1.2"]
[WhiteElo "1749"]
[BlackElo "1562"]
[WhiteClock "01:19:59"]
[BlackClock "00:27:22"]
[WhiteTeam "USV TU Dresden"]
[BlackTeam "Hamburger SK von 1830 eV"]
[PlyCount "49"]
[WhiteFideId "16257596"]
[BlackFideId "16280741"]
[EventCountry "GER"]
[EventRounds "7"]
[EventType "team-swiss"]
[EventDate "2021.08.04"]

1. e4 {[%clk 01:30:59]} e5 {[%clk 01:30:56]} {[%emt 00:00:11]} 2. Nf3 {[%clk
01:31:08]} {[%emt 00:00:09]} Nc6 {[%clk 01:31:22]} {[%emt 00:00:07]} 3. Bb5
{[%clk 01:31:34]} {[%emt 00:07:00]} a6 {[%clk 01:31:48]} 4. Bxc6 {[%clk
01:31:59]} dxc6 {[%clk 01:32:15]} 5. O-O {[%clk 01:32:21]} Bd6 {[%clk
01:32:40]} 6. d4 {[%clk 01:32:48]} exd4 {[%clk 01:33:00]} {[%emt 00:00:03]} 7.
Qxd4 {[%clk 01:33:16]} f6 {[%clk 01:33:08]} 8. Re1 {[%clk 01:33:42]} Ne7 {[%clk
01:32:15]} 9. e5 {[%clk 01:34:09]} fxe5 {[%clk 01:32:29]} 10. Nxe5 {[%clk
01:34:32]} O-O {[%clk 01:32:44]} {[%emt 00:00:07]} 11. Bg5 {[%clk 01:35:00]}
Be6 {[%clk 01:25:33]} {[%emt 00:05:32]} 12. Qe4 {[%clk 01:33:42]} Bd5 {[%clk
01:21:47]} {[%emt 01:02:47]} 13. Qg4 {[%clk 01:29:55]} Re8 {[%clk 01:02:52]}
14. Bf6 {[%clk 01:26:29]} g6 {[%clk 00:59:48]} 15. Nc3 {[%clk 01:22:07]} Bxe5
{[%clk 00:53:09]} 16. Rxe5 {[%clk 01:18:16]} Qd6 {[%clk 00:50:45]} 17. Qh4
{[%clk 01:17:00]} Nf5 {[%clk 00:46:49]} 18. Rxf5 {[%clk 01:17:26]} gxf5 {[%clk
00:33:32]} {[%emt 00:12:12]} 19. Qg5+ {[%clk 01:17:54]} Kf7 {[%clk 00:33:47]}
{[%emt 00:00:06]} 20. Qg7+ {[%clk 01:18:22]} {[%emt 00:00:07]} Ke6 {[%clk
00:34:13]} {[%emt 00:00:09]} 21. Re1+ {[%clk 01:18:37]} {[%emt 00:00:05]} Be4
{[%clk 00:34:36]} {[%emt 00:00:14]} 22. Nxe4 {[%clk 01:19:04]} fxe4 {[%clk
00:35:00]} {[%emt 00:00:45]} 23. Rxe4+ {[%clk 01:19:06]} Kd5 {[%clk 00:31:56]}
{[%emt 00:02:51]} 24. Qg5+ {[%clk 01:19:31]} {[%emt 00:03:31]} Re5 {[%clk
00:27:22]} {[%emt 00:15:59]} 25. Rxe5+ {[%clk 01:19:59]} 1-0